Cyst Nematodes / (Record no. 52238)
[ view plain ]
| 000 -LEADER | |
|---|---|
| fixed length control field | 00509nam a22001937a 4500 |
| 003 - CONTROL NUMBER IDENTIFIER | |
| control field | OSt |
| 008 - FIXED-LENGTH DATA ELEMENTS--GENERAL INFORMATION | |
| fixed length control field | 260623b |||||||| |||| 00| 0 eng d |
| 020 ## - INTERNATIONAL STANDARD BOOK NUMBER | |
| International Standard Book Number | 9781786390837 |
| 082 ## - DEWEY DECIMAL CLASSIFICATION NUMBER | |
| Classification number | 592.57 |
| Item number | P46C |
| 245 ## - TITLE STATEMENT | |
| Title | Cyst Nematodes / |
| Statement of responsibility, etc. | edited by Roland N. Perry, Maurice Moens and John T. Jones |
| 260 ## - PUBLICATION, DISTRIBUTION, ETC. (IMPRINT) | |
| Place of publication, distribution, etc | .- UK |
| Name of publisher, distributor, etc | : CABI |
| Date of publication, distribution, etc | , 2018 |
| 300 ## - PHYSICAL DESCRIPTION | |
| Extent | xxiii,464p. |
| 650 ## - SUBJECT ADDED ENTRY--TOPICAL TERM | |
| Topical term or geographic name as entry element | Pure Sciences |
| 650 ## - SUBJECT ADDED ENTRY--TOPICAL TERM | |
| Topical term or geographic name as entry element | Animals |
| 650 ## - SUBJECT ADDED ENTRY--TOPICAL TERM | |
| Topical term or geographic name as entry element | Nematoda |
| 700 ## - ADDED ENTRY--PERSONAL NAME | |
| Personal name | Moens, Maurice. |
| 700 ## - ADDED ENTRY--PERSONAL NAME | |
| Personal name | Jones, John T. |
| 942 ## - ADDED ENTRY ELEMENTS (KOHA) | |
| Source of classification or shelving scheme | |
| Koha item type | Books |
| Withdrawn status | Lost status | Source of classification or shelving scheme | Damaged status | Not for loan | Home library | Current library | Date acquired | Source of acquisition | Cost, normal purchase price | Total Checkouts | Full call number | Barcode | Date last seen | Bill Date | Koha item type | Bill Number |
|---|---|---|---|---|---|---|---|---|---|---|---|---|---|---|---|---|
| Dr. Rajendra Prasad Central Agricultural University Pusa, | Dr. Rajendra Prasad Central Agricultural University Pusa, | 23/06/2026 | TTPP, Delhi | 10390.00 | 592.57 P46C | 87490 | 23/06/2026 | 29/01/2026 | Books | IN-00449 |